Quiz sulla Serie A - N°9 - Statistics

Statistiche generali
  • Questo quiz è stato fatto 29 volte
  • Il punteggio medio è 6 su 15
Statistiche sulle risposte
Domanda Risposta % Corretto
Quante squadre ha allenato Carlo Ancelotti in Serie A? 4 (Juventus, Milan, Napoli, Parma)
71%
Quanti scudetti ha vinto Roberto Mancini da allenatore in Serie A? 3
57%
A quanti campionati di Serie A a girone unico ha partecipato il Napoli? 77
57%
Quanti scudetti ha vinto il Genoa? 9
57%
Quante presenza ha collezionato Alberto Gilardino in Serie A? 514
43%
Quale squadra detiene il record del minor numero di punti in un campionato a 18 squadre con 3 punti per vittoria? Brescia 1994-1995 (12 punti)
43%
Quale squadra detiene il record per il minor numero di reti subite in trasferta in un campionato a 18 squadre? Milan 1993-1994 (6 reti)
43%
Quanti punti ha conquistato il Modena in trasferta durante il campionato 1931-1932? 0
29%
Quanti cartellini rossi ha ricevuto Giuseppe Bergomi in Serie A? 11
29%
Al termine di quante stagioni di serie A il Milan si è piazzato secondo? 16
29%
Quante reti ha segnato Antonio Di Natale in Serie A? 209
29%
Chi è il più giovane marcatore della storia della Fiorentina in Serie A? Khouma Babacar (17 anni e 3 giorni)
29%
Chi ha realizzato la tripletta più veloce realizzata in Serie A? Valentino Mazzola (120 secondi)
29%
Al termine di quale stagione il Napoli ha terminato il campionato al secondo per l'ultima volta? 2018-2019
14%
Quanti autogol sono stati realizzati da Ciro Ferrara in Serie A? 6
14%
Nessun quiz corrispondente trovato
Distribuzione punteggi
Percentuale di utenti per punteggio
Percentile per numero di risposta
I tuoi punteggi nel tempo
Non hai fatto questo quiz